Wittgenstein, la philosophie et les mathematiques
Αποθηκεύτηκε σε:
| Κύριος συγγραφέας: | |
|---|---|
| Μορφή: | Βιβλίο |
| Γλώσσα: | French |
| Δημοσίευση: |
Paris :
Presses Universitaires de France,
1988
|
| Σειρά: | Philosophie d'aujourd'hui,
|
| Θέματα: | |
| Ετικέτες: |
Προσθήκη ετικέτας
Δεν υπάρχουν, Καταχωρήστε ετικέτα πρώτοι!
|
MARC
| LEADER | 00000nam a2200000 i 4500 | ||
|---|---|---|---|
| 001 | 1/83904 | ||
| 008 | 990610s1988 fre d | ||
| 020 | |a 2-13-041867-8 | ||
| 035 | |l 10051472 | ||
| 040 | |a GR-MY-UA |b gre |e aacr | ||
| 041 | 0 | |a fre | |
| 082 | 0 | |a 510.1 | |
| 100 | 1 | |a Schmitz, Francois. | |
| 245 | 1 | 0 | |a Wittgenstein, la philosophie et les mathematiques / |c Francois Schmitz |
| 260 | |a Paris : |b Presses Universitaires de France, |c 1988 | ||
| 300 | |a 281 p. | ||
| 490 | 1 | |a Philosophie d'aujourd'hui |x 0768-0805 | |
| 650 | 0 | 0 | |a Mathematics |x Philosophy. |
| 830 | 0 | |a Philosophie d'aujourd'hui, |x 0768-0805 | |
| 852 | |a INST |b RHODES |e 19990610 |h 510.1 SCH |p 005400015051 |q 005400015051 |t BK |y 0 | ||
| 901 | |a BIBL4-1999-2 | ||
| 909 | |a Ρ |b 065639 |c 1999 | ||
| 922 | |a 4ΕΛΗ |b 199905 |d LEADER | ||